000 00636nam a2200193 a 4500
001 BRCA_2842
005 20190320204008.0
008 091208s1959----mexa---###---#000-0#spa-#
050 4 _aF1386.2
_b.G66 1959
100 1 _aGonzález Obregon, Luis
_d1865-1938
_97954
245 1 0 _aMéxico viejo
_bépoca colonial : noticias históricas, tradiciones, leyendas y costumbres
_cLuis González Obregon.
260 _aMéxico
_bPatria
_c1959
300 _axv, 742 p.
_bil.
_c24 cm.
500 _aAA28
651 4 _aMéxico (Ciudad)
_xHistoria
_95378
651 4 _aMéxico (Ciudad)
_xVida social y costumbres
_97955
902 _aGFM
942 _2lcc
_cB
999 _c2581
_d2581